000
00336nam a2200133Ia 4500
008
240624s9999 xx 000 0 und d
041
_a
eng
082
_a
658.812 GUL
100
_a
GULATI RANJAY
245
_a
REORGANIZE FOR RESILIENCE PUTTING CUSTOM
260
_c
2010
_b
Harvard Business Press
300
_a
288 : p.
365
_c
RS
_b
25
999
_c
23779
_d
23779